Aussenpolitik der Bundesrepublik Deutschland Dokumente von 1949 bis 1994 : herausgegeben aus Anlass des 125. Jubiläums des Auswärtigen Amts

Bibliographic Details
Corporate Author: Auswärtiges Amt Referat Öffentlichkeitsarbeit Bonn, Deutschland (upr)
Other Authors: Bettzuege, Reinhard (zre)
Format: Book
Language:German
PhysicalDescription:1160 s., [5] s. tab., xxiv čiast. fareb. obr. na príl. 24 cm
Published: Köln Wissenschaft und Politik c1995
ISBN:3804688225
Subjects:

MARC

LEADER 00000nam a2200000 a 4500
001 vtls001362981
003 SK-MaSNL
005 20260301115119.0
008 251124s1995 DE abc rd d 0 ger
020 |a 3804688225  |c [1069,00] 
035 |a SNK000316577 
040 |a SNK  |b slo  |c SNK  |e AACR2 
044 |a DE 
080 |a 327(430)(091)"1949/1994"=30  |2 1981 
245 1 |a Aussenpolitik der Bundesrepublik Deutschland  |b Dokumente von 1949 bis 1994 : herausgegeben aus Anlass des 125. Jubiläums des Auswärtigen Amts  |c [Herausgeber: Auswärtiges Amt ; Verantwortlich: Reinhard Bettzuege] 
260 |a Köln  |b Wissenschaft und Politik  |c c1995 
300 |a 1160 s., [5] s. tab., xxiv čiast. fareb. obr. na príl.  |c 24 cm 
650 0 7 |a politika zahraničná  |x dejiny  |z Nemecko  |y r. 1949-1994  |x monografie  |2 SNK  |9 459609 
651 7 |a Nemecko  |x politika zahraničná  |x dejiny  |y r. 1949-1994  |x monografie  |2 SNK  |9 459610 
700 1 |a Bettzuege, Reinhard  |4 zre  |9 459611 
710 0 |a Auswärtiges Amt  |b Referat Öffentlichkeitsarbeit Bonn, Deutschland  |4 upr  |9 459612 
919 |a 3-8046-8822-5 
999 |c 720982  |d 722912 
952 |t P60, <04>, [BOOK], {604}  |a SNK  |b SNK  |y VYP  |7 0  |p 17A0192308  |o snkIC 127824  |i snkV 561/99  |0 0  |1 0  |4 0  |d 1999-05-31  |l 0  |r 2005-01-02 00:00:00  |w 2026-02-23